000 00815pam a2200277 a 4500
999 _c625
_d625
001 2822300
003 GZU
005 20201013092352.0
008 830113s1984 enk b 001 0 eng
010 _a 83000977
020 _a0582644437
040 _aDLC
_cDLC
_dDLC
_dOCoLC
043 _ad------
050 1 0 _aHN 980
_bCHA 1983
082 0 0 _a307/.14
_219
100 1 _aChambers, Robert,
_d1932-
245 1 0 _aRural development :
_bputting the last first /
_cRobert Chambers.
260 _aLondon ;
_aNew York :
_bLongman,
_c1984.
300 _a[10], 246 p. ;
_c21 cm.
500 _aIncludes index.
504 _aBibliography: p. 219-235.
650 0 _aRural poor
_zDeveloping countries.
650 0 _aRural development.
906 _a7
_bcbc
_corignew
_d1
_eocip
_f19
_gy-gencatlg
942 _2lcc
_cBK
_h980
_iCHA
_kHN